Statistics for Six Degrees of Separation - U.S. States

Click here to take the quiz!

General Stats

  • This quiz has been taken 11,333 times
  • The average score is 16 of 24

Answer Stats

ColorConnectionState% Correct
BlueAlbany is the capital of...New York
95%
GreenWhich is the largest state other than...Alaska
83%
GreenSuperman grew up in...Kansas
82%
GreenWhich starts with the same letter as...Texas
82%
GreenWhich starts with the same letter as...Kentucky
81%
GreenWhich is just north of...Tennessee
81%
GreenWhich became a state the same year as...Hawaii
80%
BlueWhich is just north of...Illinois
80%
BlueWhich borders exactly two Great Lakes like...Wisconsin
80%
BlueWhich had the world's busiest airport
until it was passed by...
Georgia
79%
YellowWhich is the smallest state except for...Rhode Island
73%
YellowWhich ratified the Constitution before all but...Delaware
65%
YellowThe state which grows the most apples is...Washington
59%
YellowWhere Ben Franklin lived before moving to...Pennsylvania
58%
RedThe state which grows the most almonds is...California
56%
RedWhich shares its longest border with...Nevada
55%
Blue
Whose capital starts and ends A as
does the capital of...
Maine
54%
YellowWhich is the most densely-populated besides...New Jersey
54%
RedWhich is the poorest state except for...Mississippi
53%
Red
Which was the second state to join the
Confederacy after only...
South Carolina
52%
RedWhich starts with the same 5 letters as...South Dakota
51%
Blue
Whose largest city has the same name
as the largest city in...
Oregon
49%
YellowWhich is on the other end of I-90 from...Massachusetts
46%
Red
Which joined the Union during the
Civil War like...
West Virginia
39%

Score Distribution

Percentile by Number Answered

Percent of People with Each Score

Your Score History

You have not taken this quiz